000 01360nam0a2200349 4500
001 RU\NLR\bibl\1730105
005 20250616075335.0
010 _a978-5-87822-421-5
_9100
021 _aRU
_b2010-104555
_97060
035 _a(NLR Aleph) 001721061
090 _a1340068
_c1340068
100 _a20110201d2010 |||y0rusy50 ca
101 0 _arus
102 _aRU
105 _ay |||||||||
200 1 _aПриемы и средства речевого общения в I Государственной Думе 1906 года
_fС.А. Громыко
_gМ-во образования и науки РФ, Волгоград. гос. пед. ун-т
210 _aВологда
_cИзд-во ВГПУ
_d2010
215 _a215 с.
_d21
320 _aБиблиогр.: с. 189-207 (226 назв.)
606 1 _aРиторика политическая
_yРоссийская Федерация
_92363820
_3RU\NLR\auth\661411361
606 1 _aРусский язык
_xСтилистика
_91563135
_3RU\NLR\auth\66984157
606 1 _aРечевое воздействие
_92499607
_3RU\NLR\auth\661482599
686 _aШ78
686 _aШ141.12-70
686 _aШ100.0
700 1 _aГромыко
_bС. А.
_4070
801 0 _aRU
_bNLR
_c20110201
_gRCR
801 1 _aRU
_bNLR
_c20110201
942 _cBOOK
980 _aNB